000 00383nam a2200157Ia 4500
001 R-1160
003 CODICE-MESSINA
005 20260212102503.0
008 260211s9999 xx 000 0 und d
040 _cimportazione_messina
100 _aLicia Alberti
245 0 _aAmore E Zodiaco
245 0 _bConosci te stesso e conqisti chi ami
260 _bRizzoli
942 _2ddc
_cBK
999 _c27658
_d27658